000 00575nam a2200217Ia 4500
003 OSt
005 20241207102752.0
008 210329s9999||||xx |||||||||||||| ||und||
040 _cSTCPL
041 _aHIN
041 _hHND
082 _aH4
_bPUS-S
100 _aTaneja, Pushplata
_qपुष्पलता तनेजा
245 0 _aSachche gawah /
_cby Pushplata Taneja
_hसच्च गवाह
260 _aDelhi :
_bSrishti Publication ,
_c1998 .
300 _a142 p.
_bHB
650 _aHindi literature
650 _aEssays
942 _cBK
942 _2ddc
999 _c45331
_d45331